Leave me lonely (Ariana Grande) - lyrics - Statistics

General Stats
  • This quiz has been taken 56 times
  • The average score is 247 of 290
Answer Stats
Answer % Correct
a
100%
I
100%
me
100%
no
100%
you
100%
darling
97%
for
97%
good
97%
love
97%
You're
97%
you're
97%
Danger
94%
Dangerous
94%
dangerous
94%
Yeah
94%
so
91%
So
91%
When
91%
when
91%
I'm
88%
Is
88%
is
88%
Oh
88%
oh
88%
to
88%
we
88%
And
85%
and
85%
baby
85%
Baby
85%
back
85%
come
85%
Don't
85%
it
85%
leave
85%
Leave
85%
more
85%
my
85%
My
85%
turn
85%
away
82%
begging
82%
door
82%
heart
82%
Like
82%
lonely
82%
stay
82%
that
82%
the
82%
up
82%
want
82%
as
79%
dollar
79%
easily
79%
goodbye?
79%
had
79%
much
79%
of
79%
out
79%
walk
79%
enough
76%
said
76%
take
76%
before
73%
Even
73%
give
73%
given
73%
hanging
73%
has
73%
if
73%
mind?
73%
cry
70%
tried?
70%
hold
67%
hurts
67%
inside
67%
stole
67%
Then
67%
though
67%
we've
67%
Cause
64%
gonna
64%
here
64%
peace
64%
how
61%
chill
58%
I'd
58%
frightens
55%
nothing
55%
rather
55%
get
48%
hey
12%
No matching quizzes found
Score Distribution
Percent of People with Each Score
Percentile by Number Answered
Your Score History
You have not taken this quiz